000 00240 a2200097 4500
001 17738
100 _aAyres, F
245 _aTheory and problems of first year college maths
260 _a
_bSchaum's Outline series
_c
090 _c13107
_d13107
942 _aNUST-CAE
_cM
_c3456
999 _c252811
_d252811